000 01003 a2200253 4500
001 123772
020 _a9780679873037
040 _cEscola Canadense de Niteroi
090 _aO3 - RAB
100 _aRabe, Tish
245 1 0 _aOn beyond bugs!: all about insects
250 _a1st. ed.
260 _aNew York
300 _a48 p.
_c5 x 0.32 x 9.31 inches (hardcover)
362 0 _a1999
490 0 _aThe Cat in the Hat's Learning Library
520 _aFind out all you ever wanted to know about insects when the Cat and company get an up-close view of life as a bug. Kids will learn how insects -- from the spittlebug to the honeybee to the moth -- see, smell, communicate, and pollinate, as well as sometimes pester and amaze and generally make life better for us humans. Catch the bug buzz with the Cat in the Hat and all his friends!
650 4 _aChildren's Literature
650 4 _aHoneybee
650 4 _aBugs and Insects
650 4 _aNon-Fiction
650 4 _aBees
942 _cBK
999 _c123772
_d123772